Normal view
MARC view
Entry Personal Name
001 - CONTROL NUMBER
- control field: 24320
003 - CONTROL NUMBER IDENTIFIER
- control field: dpl
005 - DATE AND TIME OF LATEST TRANSACTION
- control field: 20101115122030.0
008 - FIXED-LENGTH DATA ELEMENTS
- fixed length control field: 101115|||a|||||| | ||| d
040 ## - CATALOGING SOURCE
- Original cataloging agency: dpl
- Transcribing agency: dpl
100 ## - HEADING--PERSONAL NAME
- Personal name: McGrath, E.H.
670 ## - SOURCE DATA FOUND
- Source citation: Work cat.: (dpl)35580: McGrath, E.H., Basic managerial skills for all /, 2010
670 ## - SOURCE DATA FOUND
- Source citation: Work cat.: (dpl)35580: McGrath, E.H., Basic managerial skills for all /, 2010
